El sembrador de tristeza

Gespeichert in:
Bibliographische Detailangaben
1. Verfasser: Salom, Soliman
Format: Buch
Sprache:Undetermined
Veröffentlicht: Madrid, España Nacioonal 1970
Schlagworte:
Tags: Tag hinzufügen
Keine Tags, Fügen Sie den ersten Tag hinzu!

MARC

LEADER 00000nam a2200000Ia 4500
008 170316s9999 xx 000 0 und d
040 |a cru BVZT 
090 |a 862 S-5s 
100 |a Salom, Soliman 
245 |a El sembrador de tristeza 
260 |a Madrid, España 
260 |b Nacioonal 
260 |c 1970 
300 |a 94 páginas 
650 |a LITERATURA ESPAÑOLA 
999 |c 10437  |d 10437 
942 |c 15 D  |h 862 S-5s  |2 z